| 000 -LEADER |
| fixed length control field |
00730nam a2200253Ia 4500 |
| 001 - CONTROL NUMBER |
| control field |
16796 |
| 003 - CONTROL NUMBER IDENTIFIER |
| control field |
GE_BSU |
| 005 - DATE AND TIME OF LATEST TRANSACTION |
| control field |
20200131102747.0 |
| 008 - FIXED-LENGTH DATA ELEMENTS--GENERAL INFORMATION |
| fixed length control field |
181216s2006||||fr |||||||||||||| ||fre|| |
| 020 ## - INTERNATIONAL STANDARD BOOK NUMBER |
| International Standard Book Number |
9782011554420 |
| 040 ## - CATALOGING SOURCE |
| Transcribing agency |
|
| 041 ## - LANGUAGE CODE |
| Language code of text/sound track or separate title |
fre |
| 080 ## - UNIVERSAL DECIMAL CLASSIFICATION NUMBER |
| Universal Decimal Classification number |
811.133.1 A-44 |
| 100 ## - MAIN ENTRY--PERSONAL NAME |
| Personal name |
Berthet, Annie. |
| 9 (RLIN) |
6558 |
| 245 ## - TITLE STATEMENT |
| Title |
Alter Ego. A2. |
| Remainder of title |
Methode de Frangais.2 / |
| Statement of responsibility, etc. |
Annie. Berthet ; Catherine Hugot. |
| 260 ## - PUBLICATION, DISTRIBUTION, ETC. |
| Name of publisher, distributor, etc. |
Paris : |
| Place of publication, distribution, etc. |
Hachette, |
| Date of publication, distribution, etc. |
2006. |
| 300 ## - PHYSICAL DESCRIPTION |
| Extent |
192 .:. |
| Other physical details |
ill .; |
| Dimensions |
28 cm. |
| 300 ## - PHYSICAL DESCRIPTION |
| Accompanying material |
+CD eleve |
| 653 ## - INDEX TERM--UNCONTROLLED |
| Uncontrolled term |
Alter Ego. A2.Methode de Frangais.2 |
| 653 ## - INDEX TERM--UNCONTROLLED |
| Uncontrolled term |
ფრანგული ენა |
| 653 ## - INDEX TERM--UNCONTROLLED |
| Uncontrolled term |
გრამატიკა |
| 700 ## - ADDED ENTRY--PERSONAL NAME |
| Personal name |
Hugot, Catherine |
| 9 (RLIN) |
6550 |
| 942 ## - ADDED ENTRY ELEMENTS (KOHA) |
| Koha item type |
წიგნი |
| Source of classification or shelving scheme |
|